| 000 | 00581nam a22002177a 4500 | ||
|---|---|---|---|
| 003 | OSt | ||
| 005 | 20140621213002.0 | ||
| 008 | 140606b xxu||||| |||| 00| 0 eng d | ||
| 020 | _a84-345-7388-1 | ||
| 040 | _cBMC | ||
| 082 | _a611.81 | ||
| 082 | _a158.1 | ||
| 100 | 1 |
_920392 _aPérez y Pérez, Dionisio |
|
| 245 | 1 | 0 |
_aCerebro y conducta _cDionisio Pérez y Pérez |
| 260 |
_a[Barcelona] _bSalvat _c1973 |
||
| 300 |
_a142 p. _bil. col. _c20 cm |
||
| 490 |
_aBiblioteca Salvat de grandes temas _v30 |
||
| 650 | 2 | 4 |
_920391 _aCerebro |
| 650 | 2 | 4 |
_97219 _aConducta |
| 942 |
_2ddc _cBK |
||
| 999 |
_c11152 _d11152 |
||